Doubt truth to a be a liar (Record no. 83004)

MARC details
000 -LEADER
fixed length control field 00724 a2200241 4500
003 - CONTROL NUMBER IDENTIFIER
control field CBULib
005 - DATE AND TIME OF LATEST TRANSACTION
control field 20231013092646.0
008 - FIXED-LENGTH DATA ELEMENTS--GENERAL INFORMATION
fixed length control field 231013b |||||||| |||| 00| 0 eng d
020 ## - INTERNATIONAL STANDARD BOOK NUMBER
International Standard Book Number 9780199238514
040 ## - CATALOGING SOURCE
Language of cataloging English
Transcribing agency CBULib
Description conventions rda
041 ## - LANGUAGE CODE
Language code of text/sound track or separate title eng
050 ## - LIBRARY OF CONGRESS CALL NUMBER
Classification number BC 171.P76 Pri
100 ## - MAIN ENTRY--PERSONAL NAME
Personal name Priest, Graham
245 ## - TITLE STATEMENT
Title Doubt truth to a be a liar
Statement of responsibility, etc / by Graham Priest
260 ## - PUBLICATION, DISTRIBUTION, ETC. (IMPRINT)
Name of publisher, distributor, etc Oxford University Press,
Date of publication, distribution, etc 2006
Place of publication, distribution, etc New york:
300 ## - PHYSICAL DESCRIPTION
Extent xii,226 Pages: illustrations
336 ## - CONTENT TYPE
Source rdacontent
Content type term Text |
Content type code txt
337 ## - MEDIA TYPE
Source rdamedia
Media type term Unmediated |
Media type code n
338 ## - CARRIER TYPE
Source rdacarrier
Carrier type term Volume
Carrier type code nc
650 #0 - SUBJECT ADDED ENTRY--TOPICAL TERM
Source of heading or term Library of congress
9 (RLIN) 839
Topical term or geographic name as entry element LOGIC
650 #0 - SUBJECT ADDED ENTRY--TOPICAL TERM
Source of heading or term Library of congress
9 (RLIN) 840
Topical term or geographic name as entry element CONTRADICTION
942 ## - ADDED ENTRY ELEMENTS (KOHA)
Source of classification or shelving scheme
Koha item type MONOGRAPH
Holdings
Withdrawn status Lost status Source of classification or shelving scheme Damaged status Not for loan Collection code Permanent Location Current Location Shelving location Date acquired Source of acquisition Cost, normal purchase price Total Checkouts Full call number Barcode Date last seen Copy number Price effective from Koha item type
          Main Library Open Access Collection CBU-MAIN LIBRARY, KITWE. CBU-MAIN LIBRARY, KITWE. General Stacks 10/13/2023 DON-BOOKAID 44.00   BC 171.P76 Pri 752486 10/13/2023 1 10/13/2023 MONOGRAPH